| 000 | 00512nam a2200181Ia 4500 | ||
|---|---|---|---|
| 999 |
_c34524 _d34524 |
||
| 003 | OSt | ||
| 005 | 20200826100016.0 | ||
| 008 | 190216s9999||||xx |||||||||||||| ||und|| | ||
| 020 | _a9788120344341 | ||
| 040 | _coclc | ||
| 082 |
_a530 _bKUM/P |
||
| 100 |
_aKumar, P R Sasi _94342 |
||
| 245 | 0 |
_aPractical Physics / _cP R Sasi Kumar |
|
| 260 |
_bPhi Learning Private Ltd, _c2011. _aNew Delhi: |
||
| 300 | _a328p | ||
| 650 | _aPractical Physics | ||
| 942 |
_cBK _2ddc _h530 _iKUM/P _k530 _mKUM/P |
||